00277nam a22001097a 4500008004100000020002200041082001100063100002300074245002300097260002700120300002000147230301b |||||||| |||| 00| 0 eng d a978-0-241-50280-8 a813.54 aAyanna Lloyd Banwo aWhen we were birds bHamish Hamilton,c2022 a278 p.c23.5 cm